[Event "FIN-chT 2223"]
[Site "Finland"]
[Date "2023.01.14"]
[Round "7.1"]
[White "Sipila, Vilka"]
[Black "Jouhki, Yrjo Markus"]
[Result "1-0"]
[WhiteElo "2433"]
[BlackElo "2254"]
[PlyCount "71"]
[EventDate "2022.09.24"]
[EventType "team-tourn"]
[EventRounds "11"]
[EventCountry "FIN"]
[SourceTitle "EXT 2024"]
[Source "ChessBase"]
[SourceDate "2023.10.10"]
[SourceVersion "1"]
[SourceVersionDate "2023.10.10"]
[SourceQuality "1"]
[WhiteTeam "Turku TuTS"]
[BlackTeam "Joensuu SK"]
[WhiteTeamCountry "FIN"]
[BlackTeamCountry "FIN"]

1. e4 e5 2. Nf3 Nc6 3. Bb5 a6 4. Ba4 d6 5. 0-0 Bd7 6. c4 Nge7 7. Nc3 Ng6 8. d4 Be7 9. d5 Nb8 10. Bc2 h6 11. Be3 Bg5 12. Nxg5 hxg5 13. f3 Nf4 14. g3 Qf6 15. Qd2 Bh3 16. Rf2 Nd7 17. b4 Nf8 18. c5 Bc8 19. Kh1 Nh3 20. Rff1 Ng6 21. Ba4+ Kf8 22. b5 axb5 23. Bxb5 Ngf4 24. gxf4 gxf4 25. Bg1 g5 26. cxd6 cxd6 27. Na4 g4 28. Nb6 g3 29. Nxa8 Nxg1 30. Rxg1 Bg4 31. fxg4 Qh4 32. Rg2 Qxg4 33. Rc1 Ke7 34. Be2 f3 35. Bxf3 Qxf3 36. Qg5+ 1-0

[Event "FIN-chT 2223"]
[Site "Finland"]
[Date "2022.10.16"]
[Round "4.1"]
[White "Jouhki, Yrjo Markus"]
[Black "Laurusas, Tomas"]
[Result "1/2-1/2"]
[WhiteElo "2254"]
[BlackElo "2563"]
[PlyCount "58"]
[EventDate "2022.09.24"]
[EventType "team-tourn"]
[EventRounds "11"]
[EventCountry "FIN"]
[SourceTitle "EXT 2024"]
[Source "ChessBase"]
[SourceDate "2023.10.10"]
[SourceVersion "1"]
[SourceVersionDate "2023.10.10"]
[SourceQuality "1"]
[WhiteTeam "Joensuu SK"]
[BlackTeam "Helsinki Ninja"]
[WhiteTeamCountry "FIN"]
[BlackTeamCountry "FIN"]

1. Nf3 d5 2. g3 c6 3. Bg2 Bf5 4. b3 e6 5. Bb2 Nf6 6. 0-0 Be7 7. c4 0-0 8. d3 h6 9. Nbd2 Bh7 10. a3 a5 11. Ra2 Re8 12. Qa1 Nbd7 13. Bc3 Bd6 14. Ne5 Nxe5 15. Bxe5 Bxe5 16. Qxe5 Qe7 17. Rc1 Qc5 18. h3 Qe7 19. Nf1 Nd7 20. Qc3 Qd6 21. d4 Nf6 22. Nd2 e5 23. dxe5 Rxe5 24. e3 Ree8 25. cxd5 Nxd5 26. Qc5 Qe6 27. Nc4 a4 28. bxa4 Rxa4 29. Rb2 Nf6 1/2-1/2

[Event "Heart of Finland op 30th"]
[Site "Jyvaskyla"]
[Date "2022.07.21"]
[Round "5"]
[White "Lallukka, Taneli"]
[Black "Jouhki, Yrjo Markus"]
[Result "0-1"]
[WhiteElo "1946"]
[BlackElo "2280"]
[PlyCount "74"]
[EventDate "2022.07.18"]
[EventType "swiss"]
[EventRounds "9"]
[EventCountry "FIN"]
[SourceTitle "CBM 209 Extra"]
[Source "ChessBase"]
[SourceDate "2022.09.30"]
[SourceVersion "1"]
[SourceVersionDate "2022.09.30"]
[SourceQuality "1"]

1. e4 c5 2. Nc3 Nc6 3. g3 g6 4. Bg2 Bg7 5. d3 d6 6. Nge2 Rb8 7. 0-0 b5 8. f4 Bd7 9. Nd5 f5 10. c3 e6 11. Ne3 Nf6 12. exf5 gxf5 13. d4 0-0 14. d5 Ne7 15. dxe6 Bxe6 16. a4 a6 17. axb5 axb5 18. Qd3 d5 19. Bd2 Ne4 20. Ra6 Rb6 21. Rfa1 Qd6 22. Rxb6 Qxb6 23. Be1 d4 24. cxd4 cxd4 25. Ba5 Qa7 26. Bxe4 fxe4 27. Qxe4 Bf7 28. Nf5 Nxf5 29. Qxf5 d3+ 30. Kg2 Bc4 31. Qg5 dxe2 32. Bc3 Qb7+ 33. Kh3 h6 34. Qg6 Qf7 35. Qb6 Qh5+ 36. Kg2 Bd5+ 37. Kg1 Qf3 0-1

[Event "Heart of Finland op 30th"]
[Site "Jyvaskyla"]
[Date "2022.07.20"]
[Round "4"]
[White "Jouhki, Yrjo Markus"]
[Black "Steingrimsson, Hedinn"]
[Result "0-1"]
[WhiteElo "2280"]
[BlackElo "2513"]
[PlyCount "88"]
[EventDate "2022.07.18"]
[EventType "swiss"]
[EventRounds "9"]
[EventCountry "FIN"]
[SourceTitle "CBM 209 Extra"]
[Source "ChessBase"]
[SourceDate "2022.09.30"]
[SourceVersion "1"]
[SourceVersionDate "2022.09.30"]
[SourceQuality "1"]

1. e4 e6 2. d3 d5 3. Nd2 Nf6 4. Ngf3 b6 5. c3 Be7 6. Be2 0-0 7. 0-0 c5 8. Re1 Nc6 9. Bf1 Qc7 10. a3 a5 11. a4 Ba6 12. exd5 exd5 13. d4 cxd4 14. Nxd4 Nxd4 15. Bxa6 Rxa6 16. cxd4 Bb4 17. Re2 b5 18. axb5 Rb6 19. Nf1 Rxb5 20. Bg5 Ne4 21. Rc1 Qd6 22. Bh4 Qh6 23. Bg3 Nxg3 24. hxg3 Qb6 25. Ne3 Rd8 26. Rec2 Qe6 27. Qf3 g6 28. g4 Be7 29. Re2 Qf6 30. Rc7 Qxf3 31. gxf3 Bf6 32. Rd2 a4 33. Ra7 Rb4 34. Ra5 Rxd4 35. Rxd4 Bxd4 36. Nd1 Rb8 37. Rxd5 Bxb2 38. Nxb2 Rxb2 39. Ra5 Rb4 40. Kg2 h6 41. Kg3 g5 42. Ra8+ Kg7 43. Ra6 Rf4 44. Ra7 Kf8 0-1

[Event "FIN-chT 1819"]
[Site "Finland"]
[Date "2019.04.06"]
[Round "10.2"]
[White "Jouhki, Yrjo Markus"]
[Black "Genov, Petar"]
[Result "0-1"]
[WhiteElo "2314"]
[BlackElo "2433"]
[PlyCount "146"]
[EventDate "2018.09.15"]
[EventType "team-tourn"]
[EventRounds "11"]
[EventCountry "FIN"]
[SourceTitle "CBM 189 Extra"]
[Source "ChessBase"]
[SourceDate "2019.06.03"]
[SourceVersion "1"]
[SourceVersionDate "2019.06.03"]
[SourceQuality "1"]
[WhiteTeam "Joensuu SK"]
[BlackTeam "Kotka KymS"]
[WhiteTeamCountry "FIN"]
[BlackTeamCountry "FIN"]

1. Nf3 Nf6 2. g3 b6 3. Bg2 Bb7 4. 0-0 c5 5. d3 g6 6. e4 d6 7. Nh4 Nc6 8. f4 Bg7 9. c3 0-0 10. g4 Nd7 11. Qe1 b5 12. Rf3 b4 13. Rh3 bxc3 14. bxc3 Re8 15. Na3 Rc8 16. Nc2 Ba6 17. Bd2 Nf8 18. Bf1 Rb8 19. Ne3 Rb2 20. Bc1 Rb8 21. Bd2 Qa5 22. Qc1 Qd8 23. Qe1 Qa5 24. Qc1 Qd8 25. g5 Bc8 26. f5 Ne5 27. d4 Ned7 28. Nc2 cxd4 29. cxd4 Qb6 30. Bc3 d5 31. exd5 Bb7 32. Qd2 Bxd5 33. Ne3 Be4 34. d5 Bxc3 35. Qxc3 Bxd5 36. fxg6 fxg6 37. Rd1 e6 38. Rd4 Rec8 39. Qa1 Qb1 40. Qxb1 Rxb1 41. Nxd5 exd5 42. Rxd5 Nb6 43. Re5 Nc4 44. Re2 Rc5 45. Rg3 Nd6 46. Rgg2 Rbc1 47. Nf3 Rf5 48. Rgf2 Rf4 49. Nd2 Rxf2 50. Kxf2 Rc5 51. h4 Rf5+ 52. Kg2 Rf4 53. Nf3 Nf5 54. Rf2 Ne6 55. Bb5 Nxh4+ 56. Nxh4 Rxh4 57. Rc2 Nxg5 58. Rc8+ Kg7 59. Rc7+ Kf6 60. Rxa7 Rg4+ 61. Kf1 Rb4 62. a4 Rb2 63. Bc6 h5 64. a5 Ne6 65. Be8 Nf4 66. a6 Ra2 67. Rf7+ Kg5 68. a7 h4 69. Bc6 Ra1+ 70. Kf2 Nd3+ 71. Kg2 Ne5 72. Rc7 Nxc6 73. Rxc6 Rxa7 0-1

[Event "FIN-chT 1819"]
[Site "Finland"]
[Date "2018.12.08"]
[Round "5.1"]
[White "Moiseenko, Vadim"]
[Black "Jouhki, Yrjo Markus"]
[Result "1-0"]
[WhiteElo "2495"]
[BlackElo "2314"]
[PlyCount "27"]
[EventDate "2018.09.15"]
[EventType "team-tourn"]
[EventRounds "11"]
[EventCountry "FIN"]
[SourceTitle "CBM 187 Extra"]
[Source "ChessBase"]
[SourceDate "2018.11.04"]
[SourceVersion "1"]
[SourceVersionDate "2018.11.04"]
[SourceQuality "1"]
[WhiteTeam "Espoo MatSK"]
[BlackTeam "Joensuu SK"]
[WhiteTeamCountry "FIN"]
[BlackTeamCountry "FIN"]

1. d4 Nf6 2. Nf3 d6 3. c4 Bg4 4. Qb3 a5 5. Qxb7 Nc6 6. Qb5 Rb8 7. Qa4 Bxf3 8. gxf3 Qd7 9. e3 e5 10. Nc3 Rb4 11. Bh3 Qxh3 12. Qxc6+ Kd8 13. dxe5 dxe5 14. Ke2 1-0

[Event "FIN-chT 1819"]
[Site "Finland"]
[Date "2018.11.11"]
[Round "4.2"]
[White "Seeman, Tarvo"]
[Black "Jouhki, Yrjo Markus"]
[Result "0-1"]
[WhiteElo "2399"]
[BlackElo "2314"]
[PlyCount "90"]
[EventDate "2018.09.15"]
[EventType "team-tourn"]
[EventRounds "11"]
[EventCountry "FIN"]
[SourceTitle "CBM 187 Extra"]
[Source "ChessBase"]
[SourceDate "2018.11.04"]
[SourceVersion "1"]
[SourceVersionDate "2018.11.04"]
[SourceQuality "1"]
[WhiteTeam "Helsinki Aatos"]
[BlackTeam "Joensuu SK"]
[WhiteTeamCountry "FIN"]
[BlackTeamCountry "FIN"]

1. Nf3 c5 2. c4 Nc6 3. Nc3 g6 4. e3 Nf6 5. d4 cxd4 6. exd4 d5 7. cxd5 Nxd5 8. Qb3 Nxc3 9. Bc4 e6 10. bxc3 a6 11. Bd3 Bg7 12. Ba3 Ne7 13. 0-0 0-0 14. c4 Re8 15. Rad1 Nc6 16. Bc5 Nxd4 17. Nxd4 Bxd4 18. Bxd4 Qxd4 19. Bxg6 Qf4 20. Bc2 e5 21. Rd3 Be6 22. Rg3+ Kh8 23. Qd3 f5 24. Bb3 Rad8 25. Qe2 Bf7 26. c5 Bg6 27. c6 Rd2 28. Qe1 bxc6 29. Rc3 Bh5 30. Rc4 Qg5 31. h4 Qd8 32. f3 Bf7 33. Rc2 Qd4+ 34. Kh1 Rxc2 35. Bxc2 Bc4 36. Rg1 e4 37. h5 Qf6 38. Qg3 f4 39. Qh3 Be6 40. Qh2 e3 41. h6 Bf7 42. g3 fxg3 43. Qxg3 Qxh6+ 44. Qh2 Qxh2+ 45. Kxh2 Bxa2 0-1

[Event "FIN-chT 1819"]
[Site "Finland"]
[Date "2018.09.16"]
[Round "2.2"]
[White "Jouhki, Yrjo Markus"]
[Black "Galchenko, Matvey"]
[Result "0-1"]
[WhiteElo "2314"]
[BlackElo "2363"]
[PlyCount "110"]
[EventDate "2018.09.15"]
[EventType "team-tourn"]
[EventRounds "11"]
[EventCountry "FIN"]
[SourceTitle "CBM 186 Extra"]
[Source "ChessBase"]
[SourceDate "2018.08.24"]
[SourceVersion "1"]
[SourceVersionDate "2018.08.24"]
[SourceQuality "1"]
[WhiteTeam "Joensuu SK"]
[BlackTeam "Jyvaskyla JyS"]
[WhiteTeamCountry "FIN"]
[BlackTeamCountry "FIN"]

1. e4 e6 2. d4 d5 3. Bd3 dxe4 4. Bxe4 Nf6 5. Bf3 c5 6. Ne2 Nc6 7. Be3 cxd4 8. Nxd4 Ne5 9. Nc3 a6 10. 0-0 Be7 11. Be2 Qc7 12. Bf4 0-0 13. Bd3 Bd7 14. Nf3 Bd6 15. Nxe5 Bxe5 16. Bxe5 Qxe5 17. Re1 Qf4 18. Qe2 Bc6 19. Qe3 Qxe3 20. Rxe3 Rac8 21. Rd1 Rfd8 22. Ree1 Kf8 23. f3 Rd4 24. a3 h5 25. Bf1 Rxd1 26. Rxd1 g5 27. Kf2 Ke7 28. Rd2 g4 29. Ne2 Rg8 30. Nd4 Bd7 31. c4 h4 32. Be2 g3+ 33. hxg3 hxg3+ 34. Ke3 e5 35. Nb3 Nh5 36. Nc5 Bc6 37. Nd3 Kf6 38. Bd1 Ng7 39. Ke2 Rh8 40. Nb4 Ne6 41. Ke3 Nf4 42. Nd3 Rd8 43. Ne1 Rh8 44. Nd3 Nh5 45. b4 Ng7 46. a4 Nf5+ 47. Ke2 Rh2 48. Ne1 Nd4+ 49. Kd3 Rh1 50. b5 Rxe1 51. bxc6 bxc6 52. f4 c5 53. fxe5+ Kxe5 54. Bh5 f5 55. Rb2 Ra1 0-1

[Event "FIN-chT 1819"]
[Site "Finland"]
[Date "2018.09.15"]
[Round "1.2"]
[White "Karttunen, Mika"]
[Black "Jouhki, Yrjo Markus"]
[Result "1-0"]
[WhiteElo "2472"]
[BlackElo "2314"]
[PlyCount "91"]
[EventDate "2018.09.15"]
[EventType "team-tourn"]
[EventRounds "11"]
[EventCountry "FIN"]
[SourceTitle "CBM 186 Extra"]
[Source "ChessBase"]
[SourceDate "2018.08.24"]
[SourceVersion "1"]
[SourceVersionDate "2018.08.24"]
[SourceQuality "1"]
[WhiteTeam "Tampere Tammer"]
[BlackTeam "Joensuu SK"]
[WhiteTeamCountry "FIN"]
[BlackTeamCountry "FIN"]

1. d4 d6 2. Nf3 Bg4 3. Qd3 c6 4. Nbd2 Nd7 5. b3 Bh5 6. e4 e6 7. c4 Ngf6 8. h3 d5 9. e5 Bg6 10. Qe3 Ne4 11. Bd3 Bb4 12. 0-0 Nxd2 13. Bxd2 Bxd2 14. Qxd2 Bxd3 15. Qxd3 0-0 16. Rfe1 Rb8 17. Re3 Qe7 18. Rc1 Rfc8 19. Qc2 Qd8 20. Rc3 Nb6 21. h4 h6 22. c5 Nd7 23. Qd2 Nf8 24. Qf4 Ng6 25. Qg4 Ne7 26. h5 Nf5 27. Qh3 b6 28. g4 Ne7 29. Qf1 bxc5 30. Rxc5 Rb6 31. Ne1 Rcb8 32. Nd3 Rb5 33. R5c3 Kh8 34. Nc5 Rc8 35. Rf3 Kg8 36. Qd3 Rb6 37. Kh1 Qe8 38. Rg1 Kh8 39. Rfg3 Rc7 40. f4 Ng8 41. f5 Qe7 42. fxe6 fxe6 43. Qg6 Rb4 44. Nxe6 Qh4+ 45. Kg2 Re7 46. Nf8 1-0

[Event "FIN-chT1B 1718"]
[Site "Finland"]
[Date "2017.09.16"]
[Round "1.2"]
[White "Jouhki, Yrjo Markus"]
[Black "Sipila, Markku"]
[Result "1-0"]
[WhiteElo "2287"]
[BlackElo "2029"]
[PlyCount "61"]
[EventDate "2017.09.16"]
[EventType "team-tourn"]
[EventRounds "7"]
[EventCountry "FIN"]
[SourceTitle "EXT 2020"]
[Source "ChessBase"]
[SourceDate "2019.10.17"]
[SourceVersion "1"]
[SourceVersionDate "2019.10.17"]
[SourceQuality "1"]
[WhiteTeam "Joensuu SK"]
[BlackTeam "Lahti S"]
[WhiteTeamCountry "FIN"]
[BlackTeamCountry "FIN"]

1. e4 c5 2. Nf3 d6 3. c3 Nc6 4. d4 cxd4 5. cxd4 Nf6 6. Nc3 g6 7. Be2 Bg7 8. 0-0 a6 9. h3 0-0 10. Bg5 b5 11. Rc1 Bb7 12. e5 Ne8 13. Bh4 Nc7 14. exd6 Qxd6 15. Ne4 Qd5 16. Nc5 Bc8 17. Nb3 Rd8 18. Rc5 Qe6 19. Ng5 Qd6 20. Bg3 e5 21. Qc1 Bb7 22. Bf3 Bh6 23. Nxf7 Bxc1 24. Nxd6 Rxd6 25. Rfxc1 Ne6 26. dxe5 Nxc5 27. exd6 Nxb3 28. axb3 Nd8 29. Bxb7 Nxb7 30. d7 Kf7 31. Rc8 1-0

[Event "FIN-chT 1314"]
[Site "Finland"]
[Date "2013.10.12"]
[Round "3.3"]
[White "Jarvenpaa, Jari"]
[Black "Jouhki, Yrjo Markus"]
[Result "1-0"]
[WhiteElo "2291"]
[BlackElo "2274"]
[PlyCount "95"]
[EventDate "2013.09.21"]
[EventType "team-tourn"]
[EventRounds "11"]
[EventCountry "FIN"]
[SourceTitle "EXT 2014"]
[Source "ChessBase"]
[SourceDate "2013.11.20"]
[SourceVersion "1"]
[SourceVersionDate "2013.11.20"]
[SourceQuality "1"]
[WhiteTeam "Salo SalSK"]
[BlackTeam "Joensuu SK"]
[WhiteTeamCountry "FIN"]
[BlackTeamCountry "FIN"]

1. d4 Nf6 2. c4 e6 3. Nc3 Bb4 4. e3 b6 5. Nge2 Ne4 6. Qc2 Bb7 7. a3 Bxc3+ 8. Nxc3 f5 9. Nxe4 Bxe4 10. Qd1 0-0 11. d5 c6 12. f3 exd5 13. fxe4 Qh4+ 14. g3 Qxe4 15. Rg1 dxc4 16. Qd4 d5 17. Bd2 Qe6 18. 0-0-0 Nd7 19. Kb1 Rae8 20. g4 Qe4+ 21. Ka2 Qxd4 22. exd4 fxg4 23. Rxg4 Rf2 24. h4 Nf6 25. Rf4 Rh2 26. Ka1 Re4 27. Rxe4 Nxe4 28. Bf4 Rxh4 29. Bb8 a6 30. Bg2 Nf6 31. a4 Kf7 32. Ka2 Nd7 33. Bc7 b5 34. Ka3 Nf6 35. Kb4 bxa4 36. Kc5 Ne4+ 37. Kxc6 a3 38. bxa3 Rh6+ 39. Kd7 Nf6+ 40. Kd8 Ke6 41. Be5 Rh4 42. Kc7 Ne4 43. Bxg7 Nc3 44. Rf1 Rh2 45. Bf3 h5 46. Kc6 Ra2 47. Bxh5 Rxa3 48. Bf8 1-0

[Event "FIN-chT 1213"]
[Site "Finland"]
[Date "2013.02.09"]
[Round "10.3"]
[White "Seeman, Tarvo"]
[Black "Jouhki, Yrjo Markus"]
[Result "0-1"]
[WhiteElo "2384"]
[BlackElo "2276"]
[PlyCount "78"]
[EventDate "2012.09.28"]
[EventType "team-tourn"]
[EventRounds "11"]
[EventCountry "FIN"]
[SourceTitle "EXT 2014"]
[Source "ChessBase"]
[SourceDate "2013.11.20"]
[SourceVersion "1"]
[SourceVersionDate "2013.11.20"]
[SourceQuality "1"]
[WhiteTeam "Helsinki Aatos"]
[BlackTeam "Joensuu SK"]
[WhiteTeamCountry "FIN"]
[BlackTeamCountry "FIN"]

1. d4 c5 2. d5 e5 3. e4 d6 4. Nc3 Be7 5. f4 exf4 6. Bxf4 Bg5 7. Qd2 Bxf4 8. Qxf4 Nf6 9. Bb5+ Kf8 10. Nf3 a6 11. Be2 Bg4 12. e5 dxe5 13. Qxe5 Nbd7 14. Qf4 Bxf3 15. Qxf3 h5 16. d6 Qb6 17. 0-0-0 Rh6 18. Rhf1 Rd8 19. Kb1 Qa7 20. Nd5 Qb8 21. Qf4 Qa7 22. g3 Re8 23. Ne7 Qb6 24. h3 Qb4 25. c4 b5 26. a3 Qb3 27. Rf3 Qa4 28. Rf2 b4 29. Rd3 bxa3 30. Rxa3 Qb4 31. Ka2 Qe1 32. Bd3 Rb8 33. Qd2 Qe6 34. Rxa6 Ne4 35. Qe2 Nxf2 36. Qxf2 Rf6 37. Qc2 Qe1 38. Bf5 Rxd6 39. Rxd6 Ra8+ 0-1

[Event "FIN-chT 1213"]
[Site "Finland"]
[Date "2012.10.28"]
[Round "5.3"]
[White "Wallin, Aleksi"]
[Black "Jouhki, Yrjo Markus"]
[Result "1/2-1/2"]
[WhiteElo "2166"]
[BlackElo "2276"]
[PlyCount "69"]
[EventDate "2012.09.28"]
[EventType "team-tourn"]
[EventRounds "11"]
[EventCountry "FIN"]
[SourceTitle "EXT 2013"]
[Source "ChessBase"]
[SourceDate "2012.11.22"]
[SourceVersion "1"]
[SourceVersionDate "2012.11.22"]
[SourceQuality "1"]
[WhiteTeam "Oulu OSS"]
[BlackTeam "Joensuu SK"]
[WhiteTeamCountry "FIN"]
[BlackTeamCountry "FIN"]

1. c4 e5 2. g3 Nc6 3. Nc3 Nf6 4. Bg2 Bc5 5. Nf3 d6 6. 0-0 a6 7. d3 h6 8. a3 0-0 9. b4 Ba7 10. Bb2 Bg4 11. e3 Qd7 12. Rc1 Rfe8 13. Qc2 Ne7 14. Rfe1 Ng6 15. d4 exd4 16. exd4 Rxe1+ 17. Rxe1 Re8 18. Rxe8+ Qxe8 19. h3 Bxf3 20. Bxf3 Bxd4 21. Bxb7 Qe5 22. Kg2 Nh5 23. Nd1 Bxb2 24. Nxb2 Qd4 25. Nd3 Qa7 26. Bf3 Nf6 27. Qc3 Nd7 28. Be4 Ne7 29. Nf4 Nf6 30. Bf3 c6 31. a4 Kf8 32. a5 Qb8 33. Nd3 Nd7 34. Qd4 Qc7 35. Qe4 1/2-1/2

[Event "FIN-chT 1112"]
[Site "Finland"]
[Date "2011.09.17"]
[Round "1.3"]
[White "Karttunen, Mika"]
[Black "Jouhki, Yrjo Markus"]
[Result "1/2-1/2"]
[WhiteElo "2423"]
[BlackElo "2282"]
[PlyCount "61"]
[EventDate "2011.09.17"]
[EventType "team-tourn"]
[EventRounds "11"]
[EventCountry "FIN"]
[SourceTitle "CBM 144 Extra"]
[Source "ChessBase"]
[SourceDate "2011.10.28"]
[SourceVersion "1"]
[SourceVersionDate "2011.10.28"]
[SourceQuality "1"]
[WhiteTeam "Tampere"]
[BlackTeam "Joensuu SK"]
[WhiteTeamCountry "FIN"]
[BlackTeamCountry "FIN"]

1. e4 Nc6 2. Nc3 Nf6 3. f4 d5 4. e5 d4 5. exf6 dxc3 6. bxc3 exf6 7. Nf3 Bd6 8. d4 0-0 9. Bd3 Re8+ 10. Kf2 Ne7 11. c4 c6 12. h3 Bf5 13. Rb1 b6 14. Bxf5 Nxf5 15. Qd3 Qd7 16. g4 Ne7 17. Bd2 Ng6 18. f5 Nf4 19. Bxf4 Bxf4 20. Rhe1 Bc7 21. Rxe8+ Rxe8 22. Re1 Rxe1 23. Nxe1 Qd6 24. Qe3 g6 25. Ng2 Kg7 26. c3 Qa3 27. Qd2 Qd6 28. Qd3 Qa3 29. Qc2 Qd6 30. Qd3 Qa3 31. Qc2 1/2-1/2

[Event "FIN-chT 1011"]
[Site "Finland"]
[Date "2010.11.20"]
[Round "4.3"]
[White "Hartikainen, Markku"]
[Black "Jouhki, Yrjo Markus"]
[Result "1-0"]
[WhiteElo "2308"]
[BlackElo "2292"]
[PlyCount "137"]
[EventDate "2010.09.18"]
[EventType "team-tourn"]
[EventRounds "9"]
[EventCountry "FIN"]
[SourceTitle "EXT 2012"]
[Source "ChessBase"]
[SourceDate "2011.11.24"]
[SourceVersion "1"]
[SourceVersionDate "2011.11.24"]
[SourceQuality "1"]
[WhiteTeam "Helsinki SSK"]
[BlackTeam "Joensuu SK"]
[WhiteTeamCountry "FIN"]
[BlackTeamCountry "FIN"]

1. e4 c5 2. Nf3 d6 3. d4 cxd4 4. Nxd4 Nf6 5. Nc3 g6 6. Be3 Bg7 7. f3 Nc6 8. Qd2 Bd7 9. 0-0-0 h5 10. Bc4 Na5 11. Bb3 Rc8 12. Rhe1 Nc4 13. Bxc4 Rxc4 14. Nb3 a5 15. Qd3 Rc8 16. a4 0-0 17. Nd4 Bc6 18. Ndb5 Nd7 19. Bd4 Bxd4 20. Qxd4 Qb6 21. Qxb6 Nxb6 22. b3 Bxb5 23. Nxb5 Rc5 24. Kb2 Rg5 25. Rd2 h4 26. c4 Rc8 27. Ree2 Kf8 28. Rd4 Nd7 29. Nc3 Rc6 30. Nd5 e6 31. Nc3 Nf6 32. Nb5 Ne8 33. Red2 Ke7 34. f4 Rg4 35. e5 dxe5 36. Rd7+ Kf6 37. fxe5+ Kxe5 38. Rxf7 Nd6 39. Re2+ Re4 40. Rxe4+ Kxe4 41. Rf6 Nf5 42. Rxg6 e5 43. Rg4+ Ke3 44. Nc3 Kf2 45. Rg5 Ne3 46. Rxe5 Nxg2 47. Rxa5 Kg1 48. Rg5 Kxh2 49. Ne4 Re6 50. Rg4 Rh6 51. Rg7 b6 52. Nf2 Re6 53. Ka3 Kg1 54. Nh3+ Kf1 55. Rf7+ Ke1 56. Rf3 Ne3 57. Kb4 Kd2 58. Rf2+ Ke1 59. Kb5 Rg6 60. Rf4 Ng2 61. Re4+ Kd2 62. b4 Kd3 63. Nf2+ Kc3 64. c5 bxc5 65. bxc5 Rf6 66. Re2 Kd4 67. c6 Nf4 68. Re4+ Kd5 69. c7 1-0

[Event "FIN-chT 1011"]
[Site "Finland"]
[Date "2010.09.18"]
[Round "1.3"]
[White "Jouhki, Yrjo Markus"]
[Black "Karttunen, Mika"]
[Result "1/2-1/2"]
[WhiteElo "2292"]
[BlackElo "2440"]
[PlyCount "65"]
[EventDate "2010.09.18"]
[EventType "team-tourn"]
[EventRounds "9"]
[EventCountry "FIN"]
[SourceTitle "EXT 2012"]
[Source "ChessBase"]
[SourceDate "2011.11.24"]
[SourceVersion "1"]
[SourceVersionDate "2011.11.24"]
[SourceQuality "1"]
[WhiteTeam "Joensuu SK"]
[BlackTeam "Tammer Shakki"]
[WhiteTeamCountry "FIN"]
[BlackTeamCountry "FIN"]

1. c4 Nf6 2. Nf3 g6 3. g3 Bg7 4. Bg2 0-0 5. 0-0 d6 6. d4 c5 7. Nc3 Nc6 8. d5 Na5 9. Nd2 e6 10. h3 exd5 11. cxd5 a6 12. a4 c4 13. Rb1 Nd7 14. Nce4 Qc7 15. Qc2 Nc5 16. Nxc5 Qxc5 17. Ne4 Bf5 18. Be3 Qb4 19. Bd2 Qb3 20. Qc1 Rfe8 21. Nxd6 Bxb1 22. Nxe8 Bxb2 23. Qxb1 c3 24. Nf6+ Kg7 25. Bxc3 Qxc3 26. Ne4 Qa3 27. Qc2 b5 28. axb5 axb5 29. Rb1 Nc4 30. Nd2 Bc3 31. Nxc4 bxc4 32. d6 Rd8 33. Bd5 1/2-1/2